Curso de alimentos enlatados: control de procesos térmicos y evaluación de sellado

Guardat en:
Dades bibliogràfiques
Format: Llibre
Idioma:espanyol
Publicat: Santiago Fundación Chile 1994
Matèries:
Etiquetes: Afegir etiqueta
Sense etiquetes, Sigues el primer a etiquetar aquest registre!

MARC

LEADER 00000nam a2200000 a 4500
001 UCR4536
003 CL-VaPUC
008 980313e19940000CL |||||||||||||||||spa|d
082 0 4 |a 664.028  |b CUR  |2 21 
245 1 0 |a Curso de alimentos enlatados: control de procesos térmicos y evaluación de sellado 
300 |a pag. irreg 
942 |c BK 
945 |d 19980313 00:00:00  |a rleighto 
260 |a Santiago  |b Fundación Chile  |c 1994 
650 0 |a Alimentos  |9 256203 
650 0 |a Industria alimentaria  |9 331702 
650 0 |a Microbiología alimentaria  |9 259564 
650 7 |a TECNOLOGIA DE ALIMENTOS  |2 CL-VaPUC  |9 404859 
650 7 |a ENLATADO DE ALIMENTOS  |2 CL-VaPUC  |9 328036 
650 0 |a Alimentos enlatados   |9 362669 
583 |a last modification  |c 19980313 00:00:00  |k Rodrigo Vera 
999 |c 267472  |d 267470